Ones and Zeros: (Record no. 611443)

000 -LEADER
fixed length control field 00381nam a22001337a 4500
020 ## - INTERNATIONAL STANDARD BOOK NUMBER
International Standard Book Number 8120316401
040 ## - CATALOGING SOURCE
Transcribing agency NUST
082 ## - DEWEY DECIMAL CLASSIFICATION NUMBER
Classification number 512
Author Mark GRE
100 ## - MAIN ENTRY--PERSONAL NAME
Personal name Gregg, John
9 (RLIN) 125744
245 ## - TITLE STATEMENT
Title Ones and Zeros:
Remainder of title Understanding Boolean Algebra, Digital Circuits, and the Logic of Sets
260 ## - PUBLICATION, DISTRIBUTION, ETC.
Place of publication, distribution, etc. New York:
Name of publisher, distributor, etc. IEEE Press,
Date of publication, distribution, etc. 2000.
650 ## - SUBJECT ADDED ENTRY--TOPICAL TERM
Topical term or geographic name entry element BOOLEAN ALGEBRA
9 (RLIN) 125745
942 ## - ADDED ENTRY ELEMENTS (KOHA)
Source of classification or shelving scheme
Koha item type Book

No items available.

© 2023 Central Library, National University of Sciences and Technology. All Rights Reserved.